Statistics for Countries That Start with D (with a map)

Click here to take the quiz!

General Stats

  • This quiz has been taken 318 times
  • The average score is 4 of 5

Answer Stats

Country % Correct
401.573.5Denmark
97%
476.4221.6Djibouti
87%
242.4209.5Dominica
84%
221197Dominican Republic
82%
433.0267.2DR Congo
63%

Score Distribution

Percentile by Number Answered

Percent of People with Each Score

Your Score History

You have not taken this quiz